| 000 | 00537nam a22001697a 4500 | ||
|---|---|---|---|
| 008 | 131203b xxu||||| |||| 00| 0 eng d | ||
| 020 | _a0905762150 | ||
| 050 | _aSPC JK468.I6D572 | ||
| 100 |
_aRay, Ellen et al.(eds) _94810 |
||
| 245 |
_aDirty work 2 _bThe CIA in Africa |
||
| 260 |
_aLondon _bZED _c1980 |
||
| 300 |
_axvii; 523p. _c23cm |
||
| 440 |
_aZed Africa series _94811 |
||
| 650 |
_aUnited States. Central Intelligence Agency; Africa - Politics - 1960- _94812 |
||
| 700 |
_aSchaap, William (ed) _94813 |
||
| 942 |
_2lcc _cMONOGRAPH |
||
| 999 |
_c118982 _d118982 |
||